Время задержки регистрации тепловых нейтронов при всплеске мощности в критической сборке TRACY; Атомная техника за рубежом; № 3

Dettagli Bibliografici
Parent link:Атомная техника за рубежом: научно-технический журнал/ Росатом; Государственная корпорация по атомной энергии; Ядерное общество России (ЯОР).— , 1957-.— 0320-9326
№ 3.— 2002.— С. 26-30
Altri autori: Янагисова Х., Оно А., Огава К., Аизава Э., Йокояма М.
Lingua:russo
Pubblicazione: 2002
Serie:Переводы
Soggetti:
Natura: MixedMaterials Capitolo di libro
KOHA link:https://koha.lib.tpu.ru/cgi-bin/koha/opac-detail.pl?biblionumber=382914

MARC

LEADER 00000naa2a2200000 4500
001 382914
005 20231101063038.0
035 |a (RuTPU)RU\TPU\prd\7663 
090 |a 382914 
100 |a 20021022a2002 k y0rusy50 ca 
101 0 |a rus 
102 |a RU 
200 1 |a Время задержки регистрации тепловых нейтронов при всплеске мощности в критической сборке TRACY  |f Х. Янагисова, А. Оно, К. Огава и др. 
225 1 |a Переводы 
320 |a Библиогр.: 3 назв. 
461 1 |0 (RuTPU)RU\TPU\prd\1300  |x 0320-9326  |t Атомная техника за рубежом  |o научно-технический журнал  |f Росатом; Государственная корпорация по атомной энергии; Ядерное общество России (ЯОР)  |d 1957- 
463 1 |0 (RuTPU)RU\TPU\prd\3921  |t № 3  |v С. 26-30  |d 2002 
610 1 |a регистрация излучения 
610 1 |a задержка 
610 1 |a камера деления 
610 1 |a всплеск мощности 
610 1 |a добавочная реактивность 
610 1 |a критическая сборка TRACY 
610 1 |a код MCNP4B 
610 1 |a тепловые нейтроны 
675 |a 539.173.7  |v 3 
701 1 |a Янагисова  |b Х. 
701 1 |a Оно  |b А. 
701 1 |a Огава  |b К. 
701 1 |a Аизава  |b Э. 
701 1 |a Йокояма  |b М. 
801 1 |a RU  |b 63413507  |c 20021022  |g PSBO 
801 2 |a RU  |b 63413507  |c 20151221  |g RCR 
942 |c BK